[Event "GRE-ch U20"]
[Site "Chania"]
[Date "2017.01.03"]
[Round "3"]
[White "Ioannidis, Evgenios"]
[Black "Serpetsidakis, Nikolaos"]
[Result "1-0"]
[WhiteElo "2319"]
[BlackElo "2034"]
[PlyCount "57"]
[EventDate "2017.01.02"]
[EventType "swiss"]
[EventRounds "9"]
[EventCountry "GRE"]
[SourceTitle "EXT 2024"]
[Source "ChessBase"]
[SourceDate "2023.10.10"]
[SourceVersion "1"]
[SourceVersionDate "2023.10.10"]
[SourceQuality "1"]

1. d4 Nf6 2. c4 Nc6 3. Nf3 e6 4. Nc3 Bb4 5. Bg5 d6 6. Qc2 h6 7. Bd2 e5 8. d5 Bxc3 9. Bxc3 Ne7 10. e4 0-0 11. h3 Ng6 12. 0-0-0 Nh5 13. g3 f5 14. Bd3 f4 15. g4 Nf6 16. c5 Nh7 17. Bb4 a5 18. Ba3 Ng5 19. Nxg5 hxg5 20. f3 Nh4 21. Rhf1 Rf7 22. Kb1 Rb8 23. Rc1 b5 24. cxd6 cxd6 25. Bxb5 Ng2 26. Qxg2 Rxb5 27. Bxd6 Ba6 28. Bxe5 Rfb7 29. Rc6 1-0